Countries, Cities, and Flags Quiz - Statistics

General Stats
  • This quiz has been taken 11 times
  • The average score is 75 of 196
Answer Stats
Picture Answer % Correct
Kabul, Afghanistan
80%
Algiers, Algeria
70%
Ottawa, Canada
60%
Tirana, Albania
60%
Tunis, Tunisia
60%
Amsterdam, Netherlands
50%
Andorra La Vella, Andorra
50%
Athens, Greece
50%
Beijing, China
50%
Berlin, Germany
50%
Bern, Switzerland
50%
Brasilia, Brazil
50%
Brussels, Belgium
50%
Budapest, Hungary
50%
Buenos Aires, Argentina
50%
Cairo, Egypt
50%
Cape Town/Pretoria/Bloemfontein, South Africa
50%
Caracas, Venezuela
50%
Copenhagen, Denmark
50%
Damascus, Syria
50%
Dublin, Ireland
50%
Havana, Cuba
50%
Helsinki, Finland
50%
Jerusalem, Israel
50%
Kiev, Ukraine
50%
Lisbon, Portugal
50%
London, United Kingdom
50%
Madrid, Spain
50%
Managua, Nicaragua
50%
Mexico City, Mexico
50%
Monaco, Monaco
50%
Moscow, Russia
50%
Nairobi, Kenya
50%
New Delhi, India
50%
Oslo, Norway
50%
Panama City, Panama
50%
Paris, France
50%
Prague, Czech Republic
50%
Rabat, Morocco
50%
Rome, Italy
50%
San Marino, San Marino
50%
Santiago, Chile
50%
Seoul, South Korea
50%
Skopje, Macedonia
50%
Sofia, Bulgaria
50%
Stockholm, Sweden
50%
Taipei, Taiwan
50%
Tehran, Iran
50%
Tokyo, Japan
50%
Vatican City, Vatican City
50%
Vienna, Austria
50%
Warsaw, Poland
50%
Washington, United States
50%
Zagreb, Croatia
50%
Abu Dhabi, United Arab Emirates
40%
Abuja, Nigeria
40%
Accra, Ghana
40%
Addis Ababa, Ethiopia
40%
Amman, Jordan
40%
Ankara, Turkey
40%
Antananarivo, Madagascar
40%
Asuncion, Paraguay
40%
Baghdad, Iraq
40%
Bangkok, Thailand
40%
Beirut, Lebanon
40%
Belgrade, Serbia
40%
Belmopan, Belize
40%
Bissau, Guinea-Bissau
40%
Bogota, Colombia
40%
Canberra, Australia
40%
Chisinau, Moldova
40%
Dakar, Senegal
40%
Dhaka, Bangladesh
40%
Dili, East Timor
40%
Djibouti, Djibouti
40%
Guatemala City, Guatemala
40%
Hanoi, Vietnam
40%
Islamabad, Pakistan
40%
Jakarta, Indonesia
40%
Kathmandu, Nepal
40%
Khartoum, Sudan
40%
Kingston, Jamaica
40%
Kuala Lumpur, Malaysia
40%
Kuwait City, Kuwait
40%
La Paz/Chuquiago, Bolivia
40%
Lima, Peru
40%
Ljubljana, Slovenia
40%
Luanda, Angola
40%
Manila, Philippines
40%
Minsk, Belarus
40%
Mogadishu, Somalia
40%
Montevideo, Uruguay
40%
Nassau, Bahamas
40%
Niamey, Niger
40%
Palikir, Micronesia
40%
Phnom Penh, Cambodia
40%
Port-Au-Prince, Haiti
40%
Port Louis, Mauritius
40%
Port-Of-Spain, Trinidad and Tobago
40%
Pyongyang, North Korea
40%
Quito, Ecuador
40%
Riga, Latvia
40%
Riyadh, Saudi Arabia
40%
Sana'a, Yemen
40%
San Jose, Costa Rica
40%
San Salvador, El Salvador
40%
Santo Domingo, Dominican Republic
40%
Sarajevo, Bosnia and Herzegovina
40%
Singapore, Singapore
40%
Tbilisi, Georgia
40%
Tegucigalpa, Honduras
40%
Tripoli, Libya
40%
Wellington, New Zealand
40%
Windhoek, Namibia
40%
Yaounde, Cameroon
40%
Yerevan, Armenia
40%
Apia, Samoa
30%
Ashgabat, Turkmenistan
30%
Asmara, Eritrea
30%
Astana, Kazakhstan
30%
Baku, Azerbaijan
30%
Bandar Seri Begawan, Brunei
30%
Bangui, Central African Republic
30%
Basseterre, Saint Kitts and Nevis
30%
Bratislava, Slovakia
30%
Bridgetown, Barbados
30%
Bucharest, Romania
30%
Bujumbura, Burundi
30%
Castries, Saint Lucia
30%
Conakry, Guinea
30%
Doha, Qatar
30%
Dushanbe, Tajikistan
30%
Freetown, Sierra Leone
30%
Funafuti, Tuvalu
30%
Gaborone, Botswana
30%
Georgetown, Guyana
30%
Harare, Zimbabwe
30%
Honiara, Solomon Islands
30%
Juba, South Sudan
30%
Kampala, Uganda
30%
Kigali, Rwanda
30%
Kingstown, Saint Vincent
30%
Kinshasa, Democratic Republic of the Congo
30%
Libreville, Gabon
30%
Lilongwe, Malawi
30%
Lusaka, Zambia
30%
Luxembourg City, Luxembourg
30%
Majuro, Marshall Islands
30%
Male, Maldives
30%
Manama, Bahrain
30%
Maseru, Lesotho
30%
Mbabane, Swaziland
30%
Monrovia, Liberia
30%
Moroni, Comoros
30%
Muscat, Oman
30%
Naypyidaw, Myanmar
30%
N'Djamena, Chad
30%
Nicosia, Cyprus
30%
Nuku'alofa, Tonga
30%
Ouagadougou, Burkina Faso
30%
Paramaribo, Suriname
30%
Podgorica, Montenegro
30%
Port Moresby, Papua New Guinea
30%
Port Vila, Vanuatu
30%
Pristina, Kosovo
30%
Reykjavik, Iceland
30%
Roseau, Dominica
30%
Saint John's, Antigua and Barbuda
30%
Sao Tome, Sao Tome and Principe
30%
South Tarawa, Kiribati
30%
Suva, Fiji
30%
Tallinn, Estonia
30%
Tashkent, Uzbekistan
30%
Thimphu, Bhutan
30%
Ulaanbaatar, Mongolia
30%
Vaduz, Liechtenstein
30%
Valletta, Malta
30%
Victoria, Seychelles
30%
Vientiane, Laos
30%
Vilnius, Lithuania
30%
Yamoussoukro, Cote d'Ivoire
30%
Yaren, Nauru
30%
Bamako, Mali
20%
Banjul, Gambia
20%
Bishkek, Kyrgyzstan
20%
Brazzaville, Republic of Congo
20%
Dodoma, Tanzania
20%
Malabo, Equatorial Guinea
20%
Maputo, Mozambique
20%
Ngerulmud, Palau
20%
Nouakchott, Mauritania
20%
Porto-Novo/Hogbonu/Ajashe, Benin
20%
Saint George's, Grenada
20%
Sri Jayawardenepura Kotte, Sri Lanka
20%
Praia, Cabo Verde
10%
Dome, Togo
0%
No matching quizzes found
Score Distribution
Percent of People with Each Score
Percentile by Number Answered
Your Score History
You have not taken this quiz